000 00754nam a2200205Ia 4500
001 1303
003 GE_BSU
008 181216s||||||||xx |||||||||||||| ||und||
040 _cGE_BSU
080 _a621.876(075.8)
245 _aამწე-სატრანსპორტო მანქანები. ნაწ.2
245 _bნაწილი II. სახელმძღვ. უმაღლ. ტექნიკ. სასწ. სტუდენტებისათვის.
260 _aთბილისი
260 _bგანათლება
260 _c1977
300 _a224 გვ. 25 სმ.
541 _h15 ლ.
653 _aამწე-სატრანსპორტო მანქანები.
942 _cBK
999 _c35445
_d35445